Diseño de muros de retención en voladizo

Gorde:
Xehetasun bibliografikoak
Egile nagusia: López Ocampo, Jorge E
Formatua: Ezezaguna
Argitaratua: [San José, Costa Rica] 1972
Gaiak:
Etiketak: Etiketa erantsi
Etiketarik gabe, Izan zaitez lehena erregistro honi etiketa jartzen!

MARC

LEADER 00000 a2200000 4500
003 011387
005 20221231143817.0
008 140114s1972 cr a m 000 ||s d
040 |c cru CEDI 
090 |a TFG 460 
100 |a López Ocampo, Jorge E  |9 17994 
245 |a Diseño de muros de retención en voladizo 
260 |c 1972  |a [San José, Costa Rica] 
300 |a  53 hojas : gráficos ilustraciones ; 28 cm  
500 |a  Tesis (Ingeniero Civil) Universidad de Costa Rica.  
650 |x MUROS DE CONTENCION  |9 17993 
942 |c TFG 
999 |c 12344  |d 12344